Organizace a řízení socialistického vnitřního obchodu

Na minha lista:
Detalhes bibliográficos
Autor principal: Havel, Zdeněk
Outros Autores: Pichanič, Mikuláš, Pražská, Lenka
Formato: Livro
Idioma:tcheco
Publicado em: Praha Merkur 1987
Edição:2. dopln. vyd.
Tags: Adicionar Tag
Sem tags, seja o primeiro a adicionar uma tag!

MARC

LEADER 00000nam a2200000 4500
001 c024172
005 20221206140251.4
041 0 |a cze 
044 |a CZ 
245 1 0 |a Organizace a řízení socialistického vnitřního obchodu  |c Zdeněk Havel, Mikuláš Pichanič, Lenka Pražská 
250 |a 2. dopln. vyd. 
264 1 |a Praha  |b Merkur  |c 1987 
300 |a 410 s. 
100 1 |a Havel, Zdeněk 
700 1 |a Pichanič, Mikuláš 
700 1 |a Pražská, Lenka